Every College Degree - Statistics

General Stats
  • This quiz has been taken 73 times
    71 since last reset
  • The average score is 39 of 318
Answer Stats
Answer % Correct
History
80%
Biology
70%
English
70%
Mechanical Engineering
67%
French
63%
German
63%
Italian
63%
Art
60%
Accounting
57%
Finance
57%
Psychology
57%
Japanese
53%
Mathematics
53%
Architecture
50%
Business Administration/Management
50%
Chinese
50%
Education
50%
Environmental Design/Architecture
50%
Music
50%
Electrical Engineering
47%
Sociology
47%
Aerospace Engineering
43%
Civil Engineering
43%
Journalism
43%
Physics
43%
Portuguese
43%
Geography
40%
Pharmacy
40%
Theatre
40%
Agriculture
37%
Anthropology
37%
Art History
37%
Computer Engineering
37%
Environmental/Environmental Health Engineering
37%
Philosophy
37%
Advertising
33%
Astronomy
33%
Biochemistry
33%
Film
33%
Geology
33%
Linguistics
33%
Pre-Law
33%
Russian
33%
American History
30%
Animal Science
30%
Arabic
30%
Food Science
30%
Korean
27%
Pre-Medicine
27%
Sports Management
27%
African Studies
23%
Agricultural/Biological Engineering and Bioengineering
23%
Astrophysics
23%
Dance
23%
International Relations
23%
Neuroscience
23%
Physical Education
23%
Physical Therapy
23%
Aviation
20%
Biomedical Engineering
20%
Cinematography and Film/Video Production
20%
Creative Writing
20%
Environmental Science
20%
European History
20%
Information Technology
20%
Jewish Studies
20%
Special Education
20%
American Studies
17%
Anatomy
17%
Computer Graphics
17%
Criminology
17%
Economics Major
17%
Elementary Education
17%
Fashion Design
17%
Hospitality
17%
Interior Design
17%
International Business
17%
Latin American Studies
17%
Library Science
17%
Marketing Major
17%
Microbiology
17%
Nursing Major
17%
Political Science Major
17%
Real Estate
17%
Social Work
17%
Zoology
17%
Actuarial Science
13%
African-American Studies
13%
Archeology
13%
Botany/Plant Biology
13%
Forensic Science
13%
Genetics
13%
Horticulture
13%
International Agriculture
13%
Occupational Therapy
13%
Photography
13%
Pre-Dentistry
13%
Religious Studies
13%
Theology
13%
Applied Mathematics
10%
Biotechnology
10%
Child Care
10%
Classics
10%
Comparative Literature
10%
Dental Hygiene
10%
Drawing
10%
Early Childhood Education
10%
Graphic Design
10%
Human Development
10%
International Studies
10%
Islamic Studies
10%
Marine Science
10%
Military Science
10%
Music Education
10%
Native American Studies
10%
Nuclear Engineering
10%
Nutrition
10%
Painting
10%
Paleontology
10%
Pharmacology
10%
Ancient Studies
7%
Asian-American Studies
7%
Automotive Engineering
7%
Bioethics
7%
Biomedical Science
7%
Business Education
7%
Ceramics
7%
Communications Studies/Speech Communication and Rhetoric
7%
Counseling
7%
East Asian Studies
7%
Ecology
7%
Geological Engineering
7%
Geophysics
7%
Hebrew
7%
Illustration
7%
Industrial Engineering
7%
Landscape Architecture
7%
Mass Communication
7%
Materials Science
7%
Medical Technology
7%
Music Therapy
7%
Petroleum Engineering
7%
Piano
7%
Pre-Veterinary Medicine
7%
Public Administration
7%
Speech Pathology
7%
Tourism
7%
Toxicology
7%
African Languages, Literatures, and Linguistics
3%
Agricultural Business and Management
3%
Agricultural Economics
3%
Agricultural Education
3%
Agricultural Journalism
3%
Agricultural Mechanization Major
3%
Agricultural Technology Management
3%
Agronomy and Crop Science
3%
Air Traffic Control
3%
American Literature
3%
American Sign Language
3%
Animal Behavior and Ethology
3%
Animation and Special Effects
3%
Aquaculture
3%
Aquatic Biology
3%
Architectural Engineering
3%
Architectural History
3%
Art Education
3%
Artificial Intelligence and Robotics
3%
Art Therapy
3%
Athletic Training
3%
Atmospheric Science
3%
Bakery Science
3%
Biblical Studies
3%
Biopsychology
3%
Business Communications
3%
Canadian Studies
3%
Caribbean Studies
3%
Cell Biology Major
3%
Ceramic Engineering
3%
Chemical Engineering Major
3%
Chemical Physics
3%
Chemistry Major
3%
Child Development
3%
Chiropractic
3%
Church Music
3%
Circulation Technology
3%
Clinical Psychology
3%
Cognitive Psychology
3%
Communication Disorders
3%
Computer and Information Science
3%
Computer Systems Analysis Major
3%
Construction Management
3%
Crafts
3%
Criminal Science
3%
Culinary Arts
3%
Data Processing
3%
Developmental Psychology
3%
Diagnostic Medical Sonography
3%
Dietetics
3%
Digital Communications and Media/Multimedia
3%
East European Studies
3%
Education Administration
3%
Educational Psychology
3%
Education of the Deaf
3%
Engineering Mechanics
3%
Engineering Physics
3%
English Composition
3%
English Literature Major
3%
Entomology
3%
Entrepreneurship Major
3%
Epidemiology
3%
Equine Studies
3%
Ethnic Studies
3%
Experimental Pathology
3%
Experimental Psychology
3%
Fashion Merchandising
3%
Feed Science
3%
Fiber, Textiles, and Weaving Arts
3%
Floriculture
3%
Forestry
3%
Furniture Design
3%
Game Design
3%
Gay and Lesbian Studies
3%
Gerontology
3%
Government Major
3%
Health Administration
3%
Hispanic-American, Puerto Rican, and Chicano Studies
3%
Historic Preservation
3%
Home Economics
3%
Human Resources Management Major
3%
Industrial Design
3%
Industrial Management
3%
Industrial Psychology
3%
Interior Architecture
3%
Jazz Studies
3%
Jewelry and Metalsmithing
3%
Kinesiology
3%
Landscape Horticulture
3%
Land Use Planning and Management
3%
Logistics Management
3%
Management Information Systems
3%
Managerial Economics
3%
Marine Biology Major
3%
Massage Therapy
3%
Medieval and Renaissance Studies
3%
Mental Health Services
3%
Merchandising and Buying Operations
3%
Metallurgical Engineering
3%
Middle Eastern Studies
3%
Mineral Engineering
3%
Missions
3%
Modern Greek
3%
Molecular Biology
3%
Molecular Genetics
3%
Mortuary Science
3%
Museum Studies
3%
Musical Theater
3%
Music History Major
3%
Music Management
3%
Natural Resources Conservation
3%
Naval Architecture
3%
Neurobiology
3%
Ocean Engineering
3%
Oceanography
3%
Operations Management
3%
Organizational Behavior Studies
3%
Pastoral Studies
3%
Peace Studies
3%
Photojournalism Major
3%
Physician Assistant
3%
Physiological Psychology
3%
Planetary Science
3%
Plant Pathology
3%
Playwriting and Screenwriting
3%
Political Communication
3%
Pre-Optometry
3%
Pre-Seminary
3%
Printmaking
3%
Public Health
3%
Public Policy Analysis
3%
Public Relations Major
3%
Radio and Television
3%
Sculpture
3%
Social Psychology
3%
Textile Engineering
3%
Voice
3%
Women's Studies
3%
Radiologic Technology
0%
Range Science and Management
0%
Recording Arts Technology
0%
Recreation Management
0%
Rehabilitation Services
0%
Respiratory Therapy
0%
Risk Management
0%
Rural Sociology
0%
Scandinavian Studies
0%
Slavic Languages and Literatures
0%
Soil Science
0%
Sound Engineering
0%
South Asian Studies
0%
Southeast Asia Studies
0%
Spanish Major
0%
Sport and Leisure Studies
0%
Statistics Major
0%
Surveying
0%
Sustainable Resource Management
0%
Teacher Education
0%
Teaching English as a Second Language
0%
Technical Writing
0%
Technology Education
0%
Turfgrass Science
0%
Urban Planning
0%
Urban Studies
0%
Visual Communication
0%
Web Design
0%
Webmaster and Web Management
0%
Welding Engineering
0%
Wildlife Management
0%
Youth Ministries
0%
No matching quizzes found
Score Distribution
Percent of People with Each Score
Percentile by Number Answered
Your Score History
You have not taken this quiz since the last reset